Lectures on Broadcast Journalism (Record no. 645)

MARC details
000 -LEADER
Fixed length control field 00454nam a2200169 4500
003 - CONTROL NUMBER IDENTIFIER
Control field SEACOMMC
005 - DATE AND TIME OF LATEST TRANSACTION
Control field 20250421154658.0
008 - FIXED-LENGTH DATA ELEMENTS--GENERAL INFORMATION
Fixed length control field 241014b |||||||| |||| 00| 0 eng d
020 ## - INTERNATIONAL STANDARD BOOK NUMBER / ISBN
Price Rs.100.00
040 ## - CATALOGING SOURCE
Original cataloging agency SEACOMMC
082 ## - DEWEY DECIMAL CLASSIFICATION NUMBER
Classification number 070
Book Number R 256
100 ## - MAIN ENTRY--PERSONAL NAME
Personal name Ravindranath, P.K
245 1# - TITLE STATEMENT
Title Lectures on Broadcast Journalism
Statement of responsibility P.K Ravindranath
260 ## - IMPRINT
Place of publication Delhi
Name of publisher Authorspress
Date of publication 2004
650 ## - SUBJECT ADDED ENTRY--TOPICAL TERM
Topical term News media, journalism & publishing
942 ## - ADDED ENTRY ELEMENTS (KOHA)
Koha item type Books
Holdings
Withdrawn status Lost status Source of classification Damaged status Not for loan Home library Current library Date acquired Total Checkouts Call number Accession number Date last seen Price effective from Koha item type Copy number
    Dewey Decimal Classification     SEACOM MANAGEMENT COLLEGE SEACOM MANAGEMENT COLLEGE 11/10/2007   070 R 256 M-466 14/10/2024 14/10/2024 Books  
    Dewey Decimal Classification     SEACOM MANAGEMENT COLLEGE SEACOM MANAGEMENT COLLEGE 11/10/2007   070 R 256 M-467 14/10/2024 14/10/2024 Books 1
    Dewey Decimal Classification     SEACOM MANAGEMENT COLLEGE SEACOM MANAGEMENT COLLEGE 11/10/2007   070 R 256 M-468 14/10/2024 14/10/2024 Books 2
© Seacom Engineering College, All rights reserved.    Powered by Koha